[Event "SVK-chT1E 2223"]
[Site "Slovakia"]
[Date "2023.01.14"]
[Round "7.8"]
[White "Deverova, Petra"]
[Black "Magat, Jozef"]
[Result "0-1"]
[WhiteElo "1511"]
[BlackElo "2059"]
[PlyCount "96"]
[EventDate "2022.10.15"]
[EventType "team-tourn"]
[EventRounds "11"]
[EventCountry "SVK"]
[SourceTitle "EXT 2024"]
[Source "ChessBase"]
[SourceDate "2023.10.10"]
[SourceVersion "1"]
[SourceVersionDate "2023.10.10"]
[SourceQuality "1"]
[WhiteTeam "Zilina Mladost II"]
[BlackTeam "Dunajov Martin"]
[WhiteTeamCountry "SVK"]
[BlackTeamCountry "SVK"]

1. e4 g6 2. d4 Bg7 3. Nf3 d6 4. Bc4 Nf6 5. Bd3 0-0 6. 0-0 c5 7. c3 Nc6 8. Be3 b6 9. h3 Bb7 10. Nbd2 cxd4 11. Nxd4 Ne5 12. Bc2 Rc8 13. Qe2 Ned7 14. Rfe1 Nc5 15. Bg5 h6 16. Bh4 e5 17. N4b3 Ba6 18. Qf3 g5 19. Bg3 Na4 20. Rab1 Qc7 21. Re3 Rcd8 22. Bd3 Bc8 23. Qd1 Be6 24. Bb5 Nc5 25. Qc2 Nh5 26. Rd1 f5 27. Nxc5 Qxc5 28. exf5 Bxf5 29. Qb3+ Kh8 30. Nf1 Bg6 31. Bd3 Bf7 32. Qc2 Nf4 33. Be4 d5 34. Bxf4 dxe4 35. Rxd8 Rxd8 36. Bg3 Bg6 37. Nd2 Rd3 38. Nb3 Qd5 39. Kh2 h5 40. h4 gxh4 41. Bxh4 Bh6 42. Re1 Kh7 43. Qe2 a5 44. Bf6 a4 45. Nc1 Rd2 46. Qa6 Rxf2 47. Qxb6 e3 48. Qc7+ Bf7 0-1

[Event "SVK-ch U14 Girls"]
[Site "Liptovsky Mikulas"]
[Date "2018.04.25"]
[Round "7"]
[White "Zudorova, Miroslava"]
[Black "Deverova, Petra"]
[Result "0-1"]
[WhiteElo "1457"]
[BlackElo "1311"]
[PlyCount "54"]
[EventDate "2018.04.21"]
[EventType "swiss"]
[EventRounds "9"]
[EventCountry "SVK"]
[SourceTitle "CBM 184 Extra"]
[Source "ChessBase"]
[SourceDate "2018.06.28"]
[SourceVersion "1"]
[SourceVersionDate "2018.06.28"]
[SourceQuality "1"]

1. e4 e5 2. Nf3 Nc6 3. Bb5 Bc5 4. Bxc6 dxc6 5. d3 Bg4 6. Qe2 Ne7 7. Be3 Qd6 8. Nbd2 0-0 9. Nc4 Qe6 10. Bxc5 h6 11. h3 Bh5 12. Bxe7 Qxe7 13. g4 Bg6 14. Ncxe5 Qb4+ 15. Nd2 Qxb2 16. Qd1 Qxe5 17. f3 f6 18. Qb1 f5 19. a3 fxe4 20. dxe4 Qc3 21. Qd1 Bf7 22. Rh2 Bc4 23. h4 Qe3+ 24. Re2 Qg1+ 25. Nf1 Rad8 26. Qc1 Rxf3 27. Rf2 Qxf2# 0-1